000 00329nam a22001457a 4500
008 221024b ||||| |||| 00| 0 eng d
020 _a9780534917128
041 _aeng
080 _2SEVENTH EDITION
_a51
082 _a51
100 _a20.1
101 _aMAT
245 _aALGEBRA TRIGONOMENTRY
_cSWOKOWSKI E
942 _2udc
_cBK
999 _c58657
_d58657